Canada City Quiz - Statistics

General Stats
  • This quiz has been taken 39 times
  • The average score is 9 of 12
Answer Stats
City % Correct
Montreal
97%
Ottawa
97%
Toronto
97%
Vancouver
97%
Edmonton
94%
Quebec City
94%
Calgary
91%
Winnipeg
79%
Victoria
56%
Hamilton
53%
London
53%
Kitchener
32%
No matching quizzes found
Score Distribution
Percent of People with Each Score
Percentile by Number Answered
Your Score History
You have not taken this quiz